00745nam a22002297a 450000500170000001000130001702000100003003500130004003700160005304000120006908200160008110000250009724500550012226000630017727000290024030000190026965000240028865000290031294200250034199900190036695201300038520170124105941.0 aA-682618 c17.00 aA-682618 bCen Lib/Ret aDPLbEN a230.352PAD aPadmanaban A.911285 aStory of eight saint reformer /cby A. Padamanaban aNew DelhibMinistry of information and broadcasting c1993 bNew DelhiaPatiala house a56p.c19cm(Hb) aHinduism y 911286 aReligious leader 911287 2ddccENh230.35mPAD c124592d124592 001040718REFaLbLd2015-06-17eCen Lib/Retg17.00l0o230.35 PADpA-682618r2015-06-17 00:00:00t1v17.00w2015-06-17yEN